000
00502nam a2200133Ia 4500
008
100328s9999 xx 000 0 und d
082
_b
55173
100
_a
देशपांडे ाों.वि.
245
_a
जी.एं.च्या कथा एक अन्वयार्थ
260
_b
मौज
630
_a
जी.एं.च्या कथा एक अन्वयार्थ
730
_a
जी.एं.च्या कथा एक अन्वयार्थ
942
_c
BOOK
999
_c
541872
_d
541869